| 000 | 00000nam##2200000za#4500 |
| 001 | 9.640321 |
| 003 | CaOODSP |
| 005 | 20210624222620 |
| 007 | cr ||||||||||| |
| 008 | 150407|2000||||xxc|||||o f|0| 0 fre|d |
| 040 | |aCaOODSP|bfre |
| 043 | |an-cn--- |
| 086 | 1 |aE94-153/2000F-PDF |
| 110 | 1 |aCanada.|bAgence canadienne de développement international. |
| 245 | 10|aGuide du Programme de coopération industrielle |h[ressource électronique] |
| 260 | |aOttawa - Ontario : |bAgence canadienne de développement international |c[2000]. |
| 300 | |a22p.|bréférences, tableaux |
| 590 | |a12-24-Supp|b2012-05-30 |
| 691 | 07|aDéveloppement international|2gcpds |
| 691 | 07|aProgramme d'aide|2gcpds |
| 775 | 08|tYour guide to the Industrial Cooperation Program |w(CaOODSP)9.696201 |
| 776 | 0#|tGuide du Programme de coopération industrielle |w(CaOODSP)9.681216 |
| 856 | 40|ahttp://publications.gc.ca|qPDF|s1.49 Mo|uhttps://publications.gc.ca/collections/Collection/E94-153-2000F.pdf |